000 00849nam a22002777a 4500
001 BR9902794
003 BR-BrBNA
005 20230928100344.0
007 ta
008 230509b bl.||||| |||| 00| 0 por d
040 _aBR-BrBNA
_bpor
_cBiblioteca Nacional de Agricultura
041 _a(Por)
072 _aQ03; D50
090 _ Q03 BR9902794
100 1 _aPardi, M.C.
110 1 _aConselho Federal de Medicina Veterinaria, Brasilia, DF (Brasil)
_92635
245 1 _aMemoria da inspecao sanitaria e industrial de produtos de origem animal no Brasil: o Servico de Inspecao Federal - SIF
260 3 _aBrasilia, DF (Brasil):
_c1996.
300 _a170 p.
650 _aInspecao Sanitaria
650 _aProduto de Origem Animal
650 _aLegislacao
650 _aVeterinaria
909 _a202309
_bLucia
_c55
_dLucia Elande
942 _cBK
999 _c61034
_d61034